000 01054nam a22002657a 4500
001 7140
003 FISKH
005 20250625163241.0
008 250625b cb ||||| |||| 00| 0 eng d
020 _a9788956355191
040 _aFISKH
_beng
_cFISKH
_dFISKH
050 _aPZ7
100 _aSormark, Julie
245 _aA grain as big as hen's egg /
_cRetold by Julie Sormark : through the art style of george Seurat
260 _aSeoul :
_be-future ,
_c2010 .
300 _a35 pages :
_bcolor illustrations ;
_c23 cm .
490 _3Art classic stories
505 _aJ
520 _a"A Grain as Big as a Hen's Egg" is a thought-provoking tale by Leo Tolstoy that explores the themes of self-sufficiency and communal living reminiscent of early socialism. The story unfolds with children discovering an unusually large grain, the size of a hen's egg, which they sell to a traveler.
521 8 _a500
_bLexile estimate
521 8 _aJ
_bRaz-Plus
700 _aOh, Youngeun
_eIllustrator
942 _2ddc
_cBK
_n0
999 _c7140
_d7140